Loreto College Library, Kolkata
WEBOPAC (ONLINE PUBLIC ACCESS CATALOGUE)

Fundamentals of reporting and editing (Record no. 36973)

MARC details
000 -LEADER
fixed length control field 00600nam a2200229Ia 4500
005 - DATE AND TIME OF LATEST TRANSACTION
control field 20240104110841.0
008 - FIXED-LENGTH DATA ELEMENTS--GENERAL INFORMATION
fixed length control field 140110s9999 xx 000 0 und d
020 ## - ISBN | অাই এস বি এন
ISBN | অাই এস বি এন 9788173919725
PRICE Rs.695.00
040 ## - CATALOGING SOURCE
Original cataloging agency Loreto College
041 ## - LANGUAGE CODE
Language code English
082 ## - DDC | ডিউই
Classification number | বর্গসংখ্যা 302.23
Book Number | গ্রন্থাঙ্ক SAX
100 ## - MAIN ENTRY--PERSONAL NAME | মুখ্য সংলেখ - ব্যাক্তিনাম
Personal name | ব্যাক্তিনাম Saxena, Ambrish
245 ## - TITLE STATEMENT | অাখ্যা বিবরণী
Title | অাখ্যা Fundamentals of reporting and editing
Statement of responsibility | লেখকের দায়িত্বের বিবরণ Ambrish Saxena
260 ## - IMPRINT | প্রকাশনা ক্ষেত্র
Place of publication | প্রকাশ স্থান New Delhi
Name of publisher | প্রকাশকের নাম Kanishka Publishers Distributors
Date of publication | প্রকাশ কাল 2007
300 ## - PHYSICAL DESCRIPTION |
Page / Vol. No | পৃষ্ঠা / খন্ড সংখ্যা 358p.
504 ## - BIBLIOGRAPHY, ETC. NOTE
Bibliography, etc Includes index
630 ## - SUBJECT ADDED ENTRY--UNIFORM TITLE
Uniform title Reporting
650 ## - SUBJECT ADDED ENTRY--TOPICAL TERM | বিষয় শিরোনাম - মূল বিষয়
Topical term | মূল বিষয় Editing
651 ## - SUBJECT ADDED ENTRY--GEOGRAPHIC NAME | বিষয় শিরোনাম - ভৌগলিক নাম
Geographic name | ভৌগলিক বিষয় Journalism
850 ## - HOLDING INSTITUTION
Holding institution LCLIB
942 ## - ADDED ENTRY ELEMENTS (KOHA)
Koha item type Books
Holdings
Withdrawn status Lost status Source of classification Damaged status Not for loan Home library Current library Date acquired Total Checkouts Full call number Accession No. Date last seen Date checked out Price effective from Koha item type Coded location qualifier
    Dewey Decimal Classification     Loreto College Loreto College 04/11/2013 3 302.23 SAX 48290 B40123 02/12/2019 02/12/2019 04/11/2013 Books